000 00355nam a2200157Ia 4500
008 210210b1904 xxu||||| |||| 00| 0 eng d
041 _aeng
082 _a887/5
100 _aFOULKES (Ti)
245 _aKALidAsa I
260 _aMaDras
_bGovernment Press
_c1904
650 _aKAlidAsa
650 _aI
690 _aSanskrit Criticism
906 _a024603
999 _c150208
_d150208